000 00353nam a22001697a 4500
003 UA-OsUOA
001 3635
007 ta
008 20050721b un ||||| |||| 00| 0 ukr d
100 _aDewekin
700 _aV. N.
942 _cBK
040 _aUA-OsUOA
_cUA-OsUOA
_dUA-OsUOA
245 _aFalsch oder Richtif?
_bGerman
955 _a2
650 7 _2UDC
999 _c289797
_d289797